000 01478cam a2200349 4500
001 sa 68012263
003 DLC
005 20260227112608.0
008 691117r19671956ii b b 001 0 eng
010 _asa 68012263
025 _aPL480:I-E-10306
040 _aDLC
_cDLC
_dICU
_dDLC
050 0 0 _aQK358
_b.G3 1967
082 0 0 _a581.954/82
100 1 _aGamble, J. S.
_q(James Sykes),
_d1847-1925.
245 1 0 _aFlora of the Presidency of Madras
_c[by] J. S. Gamble.
250 _a[2d reprinted ed.]
260 _aCalcutta,
_bBotanical Survey of India
_c[1967]
300 _a3 v. (lii, 1389 p.)
_bfold. map.
_c22 cm.
350 _a36.50 (set)
500 _aOriginally issued in 11 pts., 1915-36, reprinted 1956.
500 _aContains title pages of each of the 11 pts. of the 1956 reprint ed.
500 _a"The draft of the botanical portion of about the first 132 pages was prepared by Mr. S. T. Dunn."
500 _aVol. 3 by C. E. C. Fischer.
500 _aExplanatory notes appeared in the Kew bulletins for 1916, 1918, 1920, 1921, 1924, 1928, 1931, 1935.
500 _a"Reprinted under the authority of the Govt. of India."
504 _aBibliographical footnotes.
505 0 _av. 1. Ranunculaceae to Caprifoliaceae.--v. 2. Rubiaceae to Euphorbiaceae.--v. 3. Ulmaceae to Gramineae. Addenda, indexes, etc.
650 0 _aBotany
_zIndia
_zMadras (Presidency)
700 1 _aDunn, S. T.
_q(Stephen Troyte),
_d1868-
700 1 _aFischer, Cecil Ernest Claude.
999 _c84428
_d84428